| 000 | 00480nam a22001577a 4500 | ||
|---|---|---|---|
| 999 |
_c18691 _d18691 |
||
| 008 | 240118b ||||| |||| 00| 0 eng d | ||
| 020 | _a9781641167178 | ||
| 082 |
_22023 _aDC 580 _bSa971 |
||
| 100 |
_aSawyer, Melody. _950723 |
||
| 245 |
_aIntroduction to botany / _cMelody Sawyer. |
||
| 260 |
_aNew York : _bCallisto Reference, _c©2023. |
||
| 300 |
_aviii, 186 pages : _bcolor illustrations ; _c25 cm. |
||
| 500 | _aIncludes index. | ||
| 650 |
_aBotany. _91506 |
||
| 942 |
_2ddc _cDC |
||